| 000 | 01149nam2a22002411 4500 | ||
|---|---|---|---|
| 001 | v19\rc\1554379 | ||
| 005 | 20250618184912.0 | ||
| 035 | _a(NLR Aleph) 004668508 | ||
| 090 |
_a3646201 _c3646201 |
||
| 100 | _a20060620d1890 |||y0rusy50 ca | ||
| 101 | 0 | _arus | |
| 102 | _aRU | ||
| 105 | _ay z ||||| | ||
| 200 | 1 | _aО перечислении в разряд губернских дорог Карсунско-Никулинского почтового тракта | |
| 210 |
_d1890 _aБ. м. |
||
| 215 | _a11 с. | ||
| 461 | 0 |
_1001v19\rc\1554377 _12001#$aДоклад Карсунской уездной земской управы Карсунскому уездному земскому собранию$e1-14$v2 _93646177 _aКарсунская уездная земская управа _cСимбирск _d1890 _o1-14 _p14 т. _tДоклад Карсунской уездной земской управы Карсунскому уездному земскому собранию _v2 |
|
| 801 | 0 |
_aRU _bNLR _gpsbo |
|
| 801 | 0 |
_aRU _bRuMoRGB _2psbo |
|
| 801 | 1 |
_aRU _bProSoft-M _2rusmarc |
|
| 852 |
_aNLR _bЗем _j37-5/Д2 |
||
| 942 | _cBOOK | ||
| 980 | _aNB | ||